| 000 | 01327nam a22002777a 4500 | ||
|---|---|---|---|
| 003 | OSt | ||
| 005 | 20210325143302.0 | ||
| 008 | 210325s1998 sp a|||gr|||| 00| 0 spa d | ||
| 020 | _a848055123 (obra completa) | ||
| 040 |
_aCO-JMCR _cCO-JMCR |
||
| 041 | 0 | _aspa | |
| 082 | 0 | 4 |
_223 _aR / 036 / _bW927 |
| 245 | 1 |
_aGuía estudiantil : _bconsultor interactivo / |
|
| 260 |
_aMadrid : _bCultural, _c1998 |
||
| 300 |
_a8 volúmenes : _bilustraciones a color ; _c26 cm. |
||
| 505 |
_gv.1 _tNuevas tecnologías. -- _gv.2 _tHistoria universal. -- _gv.3 _tGeografía universal. -- _gv.4 _tGramática.. -- _gv.5 _tCiencias naturales. -- _gv.6 _tQuímica. -- _gv.7 _tFísica. -- _gv.8 _tMatemáticas. |
||
| 650 |
_aGeografía (Estudio y enseñanza) _vDiccionarios y enciclopedias . _936553 |
||
| 650 |
_aEnseñanza de la química _vDiccionarios y enciclopedias. _936554 |
||
| 650 | 2 | 4 |
_aEnseñanza de la química _vDiccionarios y enciclopedias. _936554 |
| 650 | 2 | 4 |
_aCiencia _vEnseñanza _xDiccionarios y enciclopedias. _936555 |
| 650 | 2 | 4 |
_aEnseñanza de las matemáticas _vDiccionarios y enciclopedias . _936556 |
| 650 | 2 | 4 |
_xEnseñanza _aHistoria _vDiccionarios y enciclopedias . _936557 |
| 650 | 2 | 4 |
_xEnseñanza _aGramática _vDiccionarios y enciclopedias . _936558 |
| 650 | 2 | 4 |
_aEnciclopedias y diccionarios. _92047 |
| 942 |
_2ddc _cBK |
||
| 999 |
_c15500 _d15500 |
||